00442nam a2200121Ia 4500008004100000082000900041100003900050245004600089260008500135300000800220630004600228730004600274100204s9999 xx 000 0 und d b7739 aपाटील भा. ल. aवस्ती वाढते आहे b"पॉप्युलर प्रकाशन , मुंबई"c1985 2 a341 aवस्ती वाढते आहे aवस्ती वाढते आहे